Bootsmotorenbau im deutschen Küstenbereich (bis 1945)
| Titel: | Bootsmotorenbau im deutschen Küstenbereich (bis 1945) : Teil 1: Die Ostseeregion |
|---|---|
| Verfasser: | |
| In: |
Deutsches Schiffahrtsarchiv, Band 19 (1996), Seite 367-401, Abb. alle Artikel anzeigen |
| Veröffentlicht: | 1996 |
| Format: | Aufsatz |
| Sprache: | Deutsch |
X
alg: 39207649 001A $01999:11-11-16 001B $01999:26-04-21 $t20:13:46.000 001D $01999:11-11-16 001U $0utf8 001X $00 002@ $0Aox 003@ $0392076497 007A $0392076497 $aHEB 007T $0Herd64284 010@ $ager 011@ $a1996 021A $aBootsmotorenbau im deutschen Küstenbereich (bis 1945) $dTeil 1: Die Ostseeregion 028A $aRudolph $dWolfgang 031A $d19 $h367-401, Abb. $j1996 037A $aBetr. Herstellerfirmen u.a. in Saßnitz/Rügen, Gager/Rügen, Greifswald, Freest/Peene, Wolgast, Kolberg, Stolpmünde, Königsberg/Pr. 037A $aengl. Res., 401: Boat engine construction in the German coastal areas (until 1945). Part I: The Baltic region 039B $aIn $8--Abvc--. Deutsches Schiffahrtsarchiv. - Bremerhaven : Deutsches Schiffahrtsmuseum, 1975-2019. - ISSN 0343-3668 $x199600000190000633 $9047830182 045F $a330.094382 $eDDC23BSB 045F/01 $a330.09 045F/03 $g4382 045F/03 $g43832 045F/03 $g43816 lok: 39207649 78 exp: 39207649 78 1 #EPN 201B/01 $012-02-19 $t22:58:54.000 201U/01 $0utf8 203@/01 $0788172506 208@/01 $a11-11-16 $be 209A/01 $a/ $f000 $x00 220C/01 $aTitelaufnehmer: nk 244Z/01 $2Trx $#Pomeranija $#Pommern $#Pomoransko $#Pomořansko $#Hinterpommern;Vorpommern;Mittelpommern $#Pomorze Środkowe;Pomorze Przednie $#Pomořansko;Západní Pomořany; Pomořany $8--Trx--Pomorze Zachodnie $x01 $9391303775 244Z/01 $2Trx $#Prusy Wschodnie i Zachodnie $8--Trx--Ost- und Westpreußen $x02 $939113373X 244Z/01 $74203446-2 $8--Tg1--Sassnitz $x03 $9086033638 244Z/01 $2Trx $8--Trx--Gager$gRügen $x04 $9391136216 244Z/01 $#Greifswald $#Gryphisvaldia $#Universitäts- und Hansestadt Greifswald $#Hansestadt Greifswald $#Gryphiswaldiae $#Greifsvaldas $#Gryfia $#Gryphia $74021965-3 $8--Tg1--Greifswald $x05 $9085053651 244Z/01 $2Trx $8--Trx--Freest$gPeene $x06 $9391136690 244Z/01 $#Stadt Wolgast $74382051-7 $8--Tg1--Wolgast $x07 $9088407683 244Z/01 $#Kolberg $75057070-5 $8--Tg1--Kołobrzeg $x08 $9044717024 244Z/01 $2Trx $#Stolpmünde $8--Trx--Ustka $x09 $9391265520 244Z/01 $#Königsberg Preußen $#Königsberg i. Pr. $#Königsberg Pr. $#Königsberg in Ostpreußen $#Königsberg Ostpreußen $#Königsberg (Pr.) $#Königsberg Pregel $#Stadtgemeinde Königsberg $#Königsbergk $#Kaliningrad $#Karaliánčins $#Krulevec $#Karaláuczuje $#Królewiec $#Karaliaučius $#Regimontanus $#Regiomontium $#Regiomontum $#Regiomontum Borussiae $#Калининград $74031541-1 $8--Tg1--Königsberg $x10 $908508364X 244Z/01 $aGeschichte 1904-1945 $x11 244Z/01 $2Trx $#laevaehitus $#laivų gamyba $#ship-building $#hajóépítés $#budownictwo okrętowe $#lodiarstvo $#stavba lodí $#Bootsbau $#Schiffsbau $#szkutnictwo $#stavba člnov $8--Trx--Schiffbau $x12 $9391362690 244Z/01 $2Trx $8--Trx--Zeitschriftenaufsatz $x13 $9391384341 245Z/01 $a09.05 $x01 247C/01 $82080>Marburg/Lahn, Herder-Institut, Forschungsbibliothek, Bibliographieportal $9336309341
| LEADER | 00000caa a22000002c 4500 | ||
|---|---|---|---|
| 001 | 392076497 | ||
| 003 | DE-603 | ||
| 005 | 20210426201346.0 | ||
| 007 | tu | ||
| 008 | 161111s1996 xx |||| | u00||u|ger c | ||
| 035 | |a (DE-599)HEB392076497 | ||
| 040 | |a DE-603 |b ger |c DE-603 |d DE-603 | ||
| 041 | |a ger | ||
| 082 | 0 | 4 | |8 1\u |a 330.094382 |q DE-101 |2 23/BSB |
| 085 | |8 1\u |b 330.09 | ||
| 085 | |8 1\u |z 2 |s 4382 | ||
| 085 | |8 1\u |z 2 |s 43832 | ||
| 085 | |8 1\u |z 2 |s 43816 | ||
| 100 | 1 | |a Rudolph, Wolfgang | |
| 245 | 0 | 0 | |a Bootsmotorenbau im deutschen Küstenbereich (bis 1945) |b Teil 1: Die Ostseeregion |
| 264 | 0 | |c 1996 | |
| 500 | |a Betr. Herstellerfirmen u.a. in Saßnitz/Rügen, Gager/Rügen, Greifswald, Freest/Peene, Wolgast, Kolberg, Stolpmünde, Königsberg/Pr. | ||
| 500 | |a engl. Res., 401: Boat engine construction in the German coastal areas (until 1945). Part I: The Baltic region | ||
| 773 | 0 | 8 | |i In |t Deutsches Schiffahrtsarchiv |d Bremerhaven : Deutsches Schiffahrtsmuseum, 1975-2019 |h 24 cm |x 0343-3668 |g Band 19 (1996), Seite 367-401, Abb. |w (DE-603)047830182 |w (DE-600)544145-6 |
| 924 | 0 | |9 2080 |a (DE-603)788172506 |b DE-2080 |c HES |d d |g / | |


